Small qualitative talking with members of economic softbot population

Guardado en:
Detalles Bibliográficos
Autor principal: Andrášik, Ladislav
Formato: Capítulo de libro
Lenguaje:inglés
Etiquetas: Agregar Etiqueta
Sin Etiquetas, Sea el primero en etiquetar este registro!

MARC

LEADER 00000nla a2200000 4500
001 0165972
005 20251008122322.1
041 0 |a eng 
044 |a SK 
245 1 0 |a Small qualitative talking with members of economic softbot population  |c Ladislav Andrášik 
100 1 |a Andrášik, Ladislav